000 00632nam a2200205Ii 4500
003 JO-AjNU
008 230605s9999||||xx |||||||||||||| ||und||
017 _a2009/12/5231
040 _aJO-AjNU
_bara
_erda
_cJO-AjNU
041 _aara
050 1 4 _aPJ7824.R6.A17 2009
100 3 _aتأليف فريحات، محمود عبده (أبو فراس),
_eauthor
_950591
245 0 0 _aضمائر بلا خريف
264 3 1 _aعمان:المؤلف،2009
300 _a139ص
336 _atext
_btxt
_2rdacontent
337 _aunmediated
_bn
_2rdamedia
338 _avolume
_bnc
_2rdacarrier
650 4 _aالشعر العربي
_950592
999 _aA22295
_c25863
_d25863